Normale Ansicht MARC-Ansicht ISBD

Povsednevnaja žizn' provincial'nogo imenija : (Titelsatznr. 40678)

[ MARC ]
MARC-Details
000 -Satzkennung
Kontrollfeld mit fester Länge 00707nam a22002291c 4500
001 - Kontrollnummer
Kontrollfeld a987678619
008 - Feld mit fester Länge zur physischen Beschreibung - Allgemeine Angaben
Kontrollfeld mit fester Länge 161220s2013 gw |||| 000u rus d
020 ## - Internationale Standardbuchnummer
Internationale Standardbuchnummer 9785913570376
Verknüpfung 978-5-91357-037-6
041 ## - Sprachcode
Sprachcode des Textes/der Tonspur oder des separaten Titels rus
040 ## - Katalogisierungsquelle
Übertragungsstelle RU-10907106
003 - Kontrollnummer Identifier
Kontrollfeld RU-10907106
245 00 - Titel
Titel Povsednevnaja žizn' provincial'nogo imenija :
Zusatz zum Titel dnevnik slugi ural'skich pomeščikov Golubcovych, 1872-1875 gg.
264 ## - Produktion, Veröffentlichung, Distribution, Herstellung und Urheberrechtsvermerk
Herstellungs-, Veröffentlichungs- Vertriebs-, Erzeugungsort Ekaterinburg :
Produzent, Herausgeber, Distributor, Hersteller Kvadrat,
Datum der Herstellung, der Veröffentlichung, des Vertriebs oder des Urheberschutzvermerks 2013
300 ## - Physische Beschreibung
Umfang 400 Seiten
600 #0 - Nebeneintragung unter einem Schlagwort - Personenname
Personenname Golubcov <Familie>
648 #0 - Nebeneintragung unter einem Schlagwort - Zeitschlagwort
Zeitschlagwort 1872-1875
650 #0 - Nebeneintragung unter einem Schlagwort - Sachschlagwort
Sachschlagwort oder geografischer Name als Eintragungselement Gutsherr
651 #0 - Nebeneintragung unter einem Schlagwort - Geografischer Name
Geografischer Name Sibirien
700 1# - Nebeneintragung - Personenname
Personenname Larionova, M. B.
Funktionsbezeichnung BearbeiterIn
710 2# - Nebeneintragung - Körperschaftsname
Körperschafts- oder Gebietskörperschaftsname als Eintragungselement RAN / Ural'skoe otdelenie / Institut istorii i archeologii
942 ## - Zusätzliche Felder (Koha)
Koha-Medientyp Monographien
Exemplare
Ausgeschieden Verloren Klassifikation oder Aufstellungssystematik Beschädigt Nicht entleihbar Heimatbibliothek Aufenthaltsbibliothek Aufstellungsort Erwerbungsdatum Inventarnummer Signatur Barcode Letzte Aktivität Preis gültig von Koha-Medientyp
    Andere/Generische Klassifikation     MWN Osteuropa MWN Osteuropa Magazin - 2 20/12/2016 16-05084 R 54 k Lar E0040150790851A1 23/02/2021 22/03/2021 Monographien